[Event "Sparkassen-Open A"]
[Site "Heusenstamm, Martinsee"]
[Date "2025.11.23"]
[Round "6.32"]
[White "Woestmann, Ulrich"]
[Black "Thomas, Ingo"]
[Result "1/2-1/2"]
[WhiteElo "2042"]
[BlackElo "2100"]
[PlyCount "34"]
[EventDate "2025.11.20"]
[WhiteTeam "SV Ahlen 1954 e. V."]
[BlackTeam "Krefelder SK Turm 1851 e"]

1. e4 c5 2. Nc3 Nc6 3. g3 g6 4. Bg2 Bg7 5. d3 Rb8 6. a4 a6 7. f4 b5 8. axb5 axb5 9. Nf3 d6 10. O-O Bg4 11. h3 Bxf3 12. Bxf3 e6 13. Ne2 Nge7 14. c3 O-O 15. Be3 b4 16. d4 bxc3 17. bxc3 cxd4 1/2-1/2

[Event "Sparkassen-Open A"]
[Site "Heusenstamm, Martinsee"]
[Date "2025.11.23"]
[Round "6.33"]
[White "Tran, Duc Cuong"]
[Black "Mukazhanov, Mansur"]
[Result "1-0"]
[WhiteElo "2109"]
[BlackElo "2007"]
[PlyCount "127"]
[EventDate "2025.11.20"]
[WhiteTeam "LSV Turm Lippstadt"]
[BlackTeam "SG Trier 1877 e.V."]

1. d4 Nf6 2. Bf4 d5 3. e3 c5 4. c3 Nc6 5. Nd2 Bf5 6. Ngf3 cxd4 7. exd4 e6 8. Qb3 Qb6 9. Qxb6 axb6 10. Bb5 Nd7 11. O-O Be7 12. Rfe1 O-O 13. h3 Rfc8 14. a3 Bc2 15. Rac1 Ba4 16. Bd3 Na5 17. g4 h6 18. Kg2 Nf6 19. Ne5 Be8 20. Bg3 b5 21. f4 Nc4 22. Ndxc4 bxc4 23. Bb1 Ra6 24. f5 Rb6 25. Re2 Nd7 26. Rf1 Nxe5 27. Bxe5 Bd7 28. f6 gxf6 29. Bxf6 Bxf6 30. Rxf6 Kg7 31. Rff2 Re8 32. Rf3 Re7 33. Kf1 f6 34. Rfe3 Be8 35. Bf5 Bf7 36. Ke1 Re8 37. Bb1 e5 38. dxe5 fxe5 39. Rxe5 Rxe5 40. Rxe5 Rxb2 41. Bf5 Rb3 42. Kd2 Kf6 43. Re1 Rxa3 44. Rb1 Ra2+ 45. Ke3 Rh2 46. Rb6+ Ke5 47. Rxh6 b5 48. Rh7 b4 49. Rxf7 bxc3 50. Re7+ Kd6 51. Re6+ Kc5 52. g5 c2 53. Bxc2 Rxc2 54. Kf3 Rc1 55. g6 Rg1 56. Kf2 Rg5 57. h4 Rf5+ 58. Ke1 c3 59. Re8 c2 60. Rc8+ Kd6 61. g7 c1=Q+ 62. Rxc1 Re5+ 63. Kd2 Re8 64. h5 1-0

[Event "Sparkassen-Open A"]
[Site "Heusenstamm, Martinsee"]
[Date "2025.11.23"]
[Round "6.34"]
[White "Steigleder, Maximilian"]
[Black "Vedant Kumar Saravana"]
[Result "1-0"]
[WhiteElo "2037"]
[BlackElo "2108"]
[PlyCount "139"]
[EventDate "2025.11.20"]
[WhiteTeam "Sfr.1932 Kelkheim"]
[BlackTeam "Skakforeningen Obro"]

1. e4 e5 2. Nc3 Bc5 3. f4 d6 4. Nf3 Bg4 5. Na4 Bb6 6. Nxb6 axb6 7. h3 Bxf3 8. Qxf3 Qh4+ 9. g3 Qf6 10. Be2 Nc6 11. c3 Nge7 12. O-O Rd8 13. fxe5 Qxf3 14. Bxf3 dxe5 15. Be2 Ng6 16. d3 Ke7 17. Be3 Nf8 18. Rf3 Ne6 19. b4 b5 20. Bd1 f6 21. Bc2 Rd7 22. Rd1 Rhd8 23. Kf2 Nb8 24. Ke2 Na6 25. Bb3 b6 26. a4 bxa4 27. Bxa4 Rd6 28. Bb5 Nb8 29. Bc4 Nc6 30. Ra1 Rb8 31. h4 Rdd8 32. Kd2 Kd6 33. Rff1 Ra8 34. Bd5 Rxa1 35. Rxa1 Ne7 36. Bc4 Nc6 37. Kc2 Rf8 38. Rf1 Rg8 39. Kb2 Rh8 40. g4 h6 41. Rg1 Ne7 42. d4 exd4 43. cxd4 Nc6 44. Bxe6 Kxe6 45. d5+ Ke5 46. dxc6 Kxe4 47. Bd2 Kd5 48. Re1 Kxc6 49. Re7 g5 50. Re6+ Kd5 51. Rxf6 gxh4 52. Bxh6 h3 53. g5 Re8 54. Rf5+ Re5 55. Rf2 Re4 56. g6 Rxb4+ 57. Kc2 Rg4 58. g7 c5 59. Rh2 Ke6 60. Rxh3 Rg6 61. Rf3 Rg2+ 62. Kd3 Kd5 63. Rf8 c4+ 64. Kc3 Rg3+ 65. Kb4 Rb3+ 66. Ka4 Kc6 67. Rc8+ Kb7 68. g8=Q Ka6 69. Ra8+ Kb7 70. Qc8# 1-0

[Event "Sparkassen-Open A"]
[Site "Heusenstamm, Martinsee"]
[Date "2025.11.23"]
[Round "6.35"]
[White "Bräutigam, Thomas"]
[Black "Hilzinger, Markus"]
[Result "1-0"]
[WhiteElo "2016"]
[BlackElo "2102"]
[PlyCount "75"]
[EventDate "2025.11.20"]
[WhiteTeam "SC 1957 Bad Königshofen e.V."]
[BlackTeam "SC Pforzheim 1906"]

1. d4 Nf6 2. c4 g6 3. Nf3 Bg7 4. g3 O-O 5. Bg2 d6 6. O-O Nbd7 7. Nc3 c6 8. h3 e5 9. e4 Qb6 10. d5 Nc5 11. Re1 a5 12. Rb1 cxd5 13. cxd5 Bd7 14. Be3 Rac8 15. Nd2 Qd8 16. Bf1 b5 17. Bxc5 Rxc5 18. Nb3 Rc8 19. Nxb5 a4 20. Nd2 Qb6 21. Nc3 Nh5 22. Kg2 f5 23. Nc4 Qc5 24. f3 Rb8 25. Nxa4 Bxa4 26. Qxa4 fxe4 27. Rxe4 Nxg3 28. b4 Nxe4 29. bxc5 Rxb1 30. Qc2 Rxf1 31. fxe4 dxc5 32. d6 R1f7 33. a4 Rd8 34. Qd3 Rfd7 35. Qd5+ Kf8 36. Qxc5 Ke8 37. Qd5 Kf8 38. a5 1-0

[Event "Sparkassen-Open A"]
[Site "Heusenstamm, Martinsee"]
[Date "2025.11.23"]
[Round "6.36"]
[White "Longo, Massimo"]
[Black "Steinbrenner, Peter"]
[Result "1/2-1/2"]
[WhiteElo "2079"]
[BlackElo "2005"]
[PlyCount "119"]
[EventDate "2025.11.20"]
[WhiteTeam "SK Gräfelfing"]
[BlackTeam "SK Kaiserslautern 1905"]

1. d4 Nf6 2. Nf3 d5 3. c4 e6 4. Bg5 Be7 5. Nc3 a6 6. cxd5 exd5 7. e3 O-O 8. Bd3 h6 9. Bh4 c6 10. Qc2 Nbd7 11. h3 Re8 12. Bg3 Bb4 13. O-O Qe7 14. Bh4 Qd6 15. a3 Bxc3 16. Bg3 Qe7 17. bxc3 Ne4 18. Bxe4 dxe4 19. Nd2 Nf6 20. Nc4 Be6 21. Nd6 Red8 22. Nxe4 Nh5 23. Qe2 Bd5 24. Qxh5 Qxe4 25. Qf3 Qxf3 26. gxf3 Bxf3 27. c4 b5 28. Rfc1 Rac8 29. a4 bxc4 30. Rxc4 Rd5 31. Rac1 Ra5 32. Rc5 Rxc5 33. Rxc5 Rd8 34. Kf1 Rd7 35. Ke1 f6 36. Ra5 Ra7 37. Kd2 Kf7 38. Kc3 Ke6 39. Kb4 Kd7 40. Kc5 Kc8 41. Bd6 g5 42. Bg3 Bd5 43. h4 Kb7 44. Kd6 Kc8 45. hxg5 hxg5 46. Kc5 Kb7 47. Bd6 Kc8 48. Bf8 g4 49. Bd6 f5 50. Bf8 Kb7 51. Kd6 Ra8 52. Bg7 Re8 53. Kd7 Rg8 54. Be5 Rg6 55. Rc5 Rh6 56. Rc2 Rh7+ 57. Kd8 Ka8 58. a5 Rb7 59. Bc7 Rb1 60. Bg3 1/2-1/2

[Event "Sparkassen-Open A"]
[Site "Heusenstamm, Martinsee"]
[Date "2025.11.23"]
[Round "6.37"]
[White "Goldinov, Daniel"]
[Black "Wenzel, Calvin"]
[Result "0-1"]
[WhiteElo "1931"]
[BlackElo "2065"]
[PlyCount "82"]
[EventDate "2025.11.20"]
[WhiteTeam "Stuttgarter SF 1879"]
[BlackTeam "SK 1980 Gernsheim"]

1. e4 e5 2. Nf3 Nc6 3. d4 exd4 4. Nxd4 Nf6 5. Nxc6 bxc6 6. e5 Qe7 7. Qe2 Nd5 8. h4 f6 9. c4 Ba6 10. Rh3 Nb6 11. exf6 Qxe2+ 12. Bxe2 Bxc4 13. Bxc4 Nxc4 14. b3 Nb6 15. Bb2 gxf6 16. Bxf6 Rg8 17. Nc3 Rxg2 18. Kf1 Rg6 19. Rf3 Kf7 20. Ne4 Bg7 21. Bg5+ Kg8 22. Re1 h6 23. Bd2 Nd5 24. Nc5 d6 25. h5 Rg4 26. Ne6 Re8 27. Rg3 Rxg3 28. fxg3 Be5 29. Nf4 Rf8 30. Kf2 Rd8 31. Nh3 Kg7 32. Bxh6+ Kxh6 33. b4 Kxh5 34. Nf4+ Kh6 35. Ng2 Kh7 36. b5 Kg7 37. Ke2 c5 38. Kf1 Re8 39. b6 Kf6 40. Ke2 Ke6 41. Nf4+ Kf6 0-1

[Event "Sparkassen-Open A"]
[Site "Heusenstamm, Martinsee"]
[Date "2025.11.23"]
[Round "6.38"]
[White "Fang, Borui"]
[Black "Poysti, Nathanael"]
[Result "0-1"]
[WhiteElo "1902"]
[BlackElo "2207"]
[PlyCount "74"]
[EventDate "2025.11.20"]
[WhiteTeam "SV Oberursel"]
[BlackTeam "Buenos Aires"]

1. e4 c6 2. d4 d5 3. e5 Bf5 4. h4 h5 5. Bd3 Bxd3 6. Qxd3 e6 7. Nf3 Ne7 8. c3 Nf5 9. Be3 Be7 10. g3 Qb6 11. Nbd2 Qa6 12. Qc2 Nd7 13. c4 dxc4 14. O-O Nb6 15. Rfe1 Nd5 16. Nxc4 O-O-O 17. Kg2 Rhg8 18. Bg5 Bxg5 19. hxg5 Nb6 20. Nd6+ Nxd6 21. exd6 g6 22. Ne5 Rgf8 23. Qc5 Nd7 24. Nxd7 Rxd7 25. d5 exd5 26. Rac1 Qb6 27. Qxd5 Qd8 28. Qd4 Qxg5 29. Qxa7 Qd5+ 30. Kg1 Qxd6 31. Kh2 Rfd8 32. Qa8+ Kc7 33. Qa5+ Kb8 34. Qb6 h4 35. Qb3 Qf6 36. Re2 Rd3 37. Qb4 hxg3+ 0-1

[Event "Sparkassen-Open A"]
[Site "Heusenstamm, Martinsee"]
[Date "2025.11.23"]
[Round "6.39"]
[White "Musiienko, Tymur"]
[Black "Calvi, Stefan"]
[Result "1-0"]
[WhiteElo "2193"]
[BlackElo "2008"]
[PlyCount "147"]
[EventDate "2025.11.20"]
[WhiteTeam "Wiesbadener SV 1885"]
[BlackTeam "SV Oberursel"]

1. e4 c5 2. Nf3 Nc6 3. d4 cxd4 4. Nxd4 e5 5. Nb5 d6 6. a4 Be7 7. N1c3 a6 8. Na3 Nf6 9. Bc4 O-O 10. O-O Bg4 11. f3 Be6 12. Nd5 Rc8 13. c3 Nd7 14. Be3 Bg5 15. Qd2 Bxe3+ 16. Nxe3 Nb6 17. Bxe6 fxe6 18. Rfd1 Qg5 19. Nac2 Rcd8 20. Qe2 Nc8 21. Kh1 N6e7 22. Qc4 d5 23. Qb3 Kh8 24. exd5 exd5 25. Nxd5 Nf5 26. Qb4 h5 27. Qe4 Nh4 28. Qe2 Nd6 29. Nce3 Ng6 30. Nc4 Nf5 31. Nce3 Nfh4 32. Rg1 Rde8 33. Nc4 e4 34. Qd2 Qxd2 35. Nxd2 exf3 36. Nxf3 Nxf3 37. gxf3 Kh7 38. Rg5 Re5 39. Rag1 Rxg5 40. Rxg5 Rxf3 41. Rxh5+ Kg8 42. Kg2 Rd3 43. Kf1 Rd1+ 44. Kf2 Rd2+ 45. Ke3 Rxb2 46. a5 Kf7 47. Nb4 Rb1 48. Rf5+ Ke6 49. Rg5 Kf6 50. Rc5 Ne7 51. Kd3 Rd1+ 52. Kc4 Rd7 53. Nd5+ Nxd5 54. Rxd5 Rc7+ 55. Rc5 Rd7 56. Rc8 Ke6 57. Kb4 Rf7 58. c4 Kd7 59. Rh8 Kc7 60. h4 Re7 61. Rh5 Rf7 62. Rc5+ Kd7 63. Rg5 Kc7 64. Rh5 Kd7 65. Rh7 Kc7 66. h5 Rd7 67. Kc5 Kc8 68. Kb6 Rd6+ 69. Ka7 Rh6 70. Rxh6 gxh6 71. Kb6 Kb8 72. c5 Ka8 73. c6 bxc6 74. Kxc6 1-0

[Event "Sparkassen-Open A"]
[Site "Heusenstamm, Martinsee"]
[Date "2025.11.23"]
[Round "6.40"]
[White "Sheng, Ming"]
[Black "Heppert, Lars"]
[Result "1-0"]
[WhiteElo "2178"]
[BlackElo "2001"]
[PlyCount "121"]
[EventDate "2025.11.20"]
[WhiteTeam "SVG Saarbrücken 1970 e.V."]
[BlackTeam "SK Neuburg"]

1. e4 c5 2. Nf3 g6 3. d4 cxd4 4. Qxd4 Nf6 5. Nc3 Nc6 6. Qa4 d6 7. e5 dxe5 8. Nxe5 Bd7 9. Nxd7 Qxd7 10. Be3 Bg7 11. Rd1 Qc8 12. Be2 O-O 13. O-O a6 14. Qb3 b5 15. a4 b4 16. Nd5 Nxd5 17. Rxd5 Qe6 18. Rfd1 Rfb8 19. Rc5 Nd4 20. Rxd4 Qxb3 21. cxb3 Bxd4 22. Bxd4 Rd8 23. Be3 Rd6 24. g3 f6 25. Bc4+ Kf8 26. Rd5 Rc6 27. Rd7 Rd6 28. Rxd6 exd6 29. Kf1 Ke7 30. Ke2 Kd7 31. Kd3 Kc6 32. Kd4 Kc7 33. a5 f5 34. Bd5 Re8 35. Kc4 Re5 36. Bd4 Re2 37. Kxb4 g5 38. Kc3 g4 39. Bc4 Re1 40. Bxa6 Kc6 41. Bd3 Kd5 42. Bc4+ Kc6 43. a6 d5 44. a7 Re8 45. Bd3 f4 46. Bxh7 fxg3 47. hxg3 Kb7 48. Bf5 Rg8 49. Be6 Rg5 50. b4 Ka8 51. b5 Kb7 52. Bd7 Rg8 53. Bc6+ Kc7 54. a8=Q Rxa8 55. Bxa8 Kb8 56. Bxd5 Kc7 57. b6+ Kd6 58. Be4 Kd7 59. b7 Ke6 60. b8=N Kd6 61. b4 1-0

[Event "Sparkassen-Open A"]
[Site "Heusenstamm, Martinsee"]
[Date "2025.11.23"]
[Round "6.41"]
[White "Kather, Yannick"]
[Black "Müller, Maximilian"]
[Result "1/2-1/2"]
[WhiteElo "2153"]
[BlackElo "1989"]
[PlyCount "106"]
[EventDate "2025.11.20"]
[WhiteTeam "SV Mattnetz Berlin e.V."]
[BlackTeam "SVG Saarbrücken 1970 e.V."]

1. e4 e6 2. d4 d5 3. e5 c5 4. c3 Nc6 5. Nf3 Qb6 6. Bd3 Bd7 7. dxc5 Qc7 8. Qe2 Bxc5 9. O-O Nge7 10. b4 Bb6 11. a4 a6 12. Na3 O-O 13. Bd2 Ng6 14. Rfe1 Nce7 15. a5 Ba7 16. Rac1 Bc6 17. Nd4 Qd7 18. Nac2 Rac8 19. Kh1 Ba4 20. f4 Nf5 21. Nxf5 exf5 22. Nd4 Bxd4 23. cxd4 Rxc1 24. Rxc1 Rc8 25. Rc5 Rxc5 26. dxc5 Ne7 27. h3 Bb5 28. Bxb5 Qxb5 29. Qxb5 axb5 30. g4 g6 31. Kg2 Nc6 32. Bc3 Kf8 33. Kf3 Ke7 34. gxf5 gxf5 35. Ke3 Ke6 36. Kd3 d4 37. Be1 Kd5 38. Bd2 Ne7 39. Be1 Ng6 40. Bg3 h5 41. h4 Nf8 42. Bf2 Ne6 43. Bg3 Nd8 44. Bf2 Nc6 45. Be1 Ke6 46. Bd2 f6 47. exf6 Kxf6 48. Be1 Ke6 49. Bd2 Kd5 50. Be1 Nd8 51. Bf2 Ne6 52. Bg3 Nc7 53. Bf2 Na6 1/2-1/2

[Event "Sparkassen-Open A"]
[Site "Heusenstamm, Martinsee"]
[Date "2025.11.23"]
[Round "6.42"]
[White "Seidel, Andre"]
[Black "Pfarr, Michael"]
[Result "1/2-1/2"]
[WhiteElo "2142"]
[BlackElo "1969"]
[PlyCount "43"]
[EventDate "2025.11.20"]
[WhiteTeam "SV Oberursel"]
[BlackTeam "SK 1928 Mömbris"]

1. e4 c5 2. Nf3 Nc6 3. d4 cxd4 4. Nxd4 Nf6 5. Nc3 e5 6. Ndb5 d6 7. Bg5 a6 8. Na3 b5 9. Nd5 Be7 10. Bxf6 Bxf6 11. c3 Bg5 12. Nc2 Rb8 13. a4 bxa4 14. Rxa4 Rxb2 15. Bxa6 Be6 16. O-O O-O 17. Nce3 Kh8 18. Qa1 Rb8 19. Bd3 Ne7 20. Nxe7 Qxe7 21. Ra7 Rb7 22. Rxb7 1/2-1/2

[Event "Sparkassen-Open A"]
[Site "Heusenstamm, Martinsee"]
[Date "2025.11.23"]
[Round "6.43"]
[White "Derr, Oleg"]
[Black "Kürschner, Matthias"]
[Result "1-0"]
[WhiteElo "2140"]
[BlackElo "1939"]
[PlyCount "79"]
[EventDate "2025.11.20"]
[WhiteTeam "VSG 1880 Offenbach"]
[BlackTeam "SK Langen"]

1. e4 c5 2. Nf3 Nc6 3. Nc3 g6 4. d4 cxd4 5. Nxd4 Bg7 6. Be3 Nf6 7. Nxc6 bxc6 8. e5 Ng8 9. Bd4 Qa5 10. f4 h5 11. Bc4 Nh6 12. e6 f6 13. exd7+ Bxd7 14. Qd3 Nf5 15. O-O-O O-O-O 16. Ba6+ Kb8 17. Qc4 Be6 18. Qxc6 Bc8 19. Bxc8 Rxc8 20. Qe6 Bh6 21. g3 Qb4 22. Qe4 Rc4 23. a3 Rxd4 24. axb4 Rxe4 25. Nxe4 e5 26. Nxf6 exf4 27. gxf4 Bxf4+ 28. Kb1 Kc8 29. c4 h4 30. Rd5 h3 31. Rc5+ Kb7 32. Rb5+ Kc6 33. Nd5 Bd6 34. Ra5 Kb7 35. c5 Bb8 36. b5 g5 37. c6+ Kc8 38. c7 Bxc7 39. Rc1 Rh7 40. Rxa7 1-0

[Event "Sparkassen-Open A"]
[Site "Heusenstamm, Martinsee"]
[Date "2025.11.23"]
[Round "6.44"]
[White "Dolidze, David"]
[Black "Rose, Daniel"]
[Result "1-0"]
[WhiteElo "1997"]
[BlackElo "2128"]
[PlyCount "107"]
[EventDate "2025.11.20"]
[WhiteTeam "SC Eschborn 1974"]
[BlackTeam "SV Königsjäger Süd-West e.V."]

1. e4 e6 2. d4 d5 3. Nc3 dxe4 4. Nxe4 Nf6 5. Nxf6+ gxf6 6. Nf3 a6 7. Bd3 Nc6 8. c3 Qd6 9. Qe2 Bd7 10. g3 O-O-O 11. O-O Nb8 12. Bf4 Qd5 13. Nd2 Bc6 14. Be4 Qd7 15. Rad1 Bd6 16. Bxd6 Qxd6 17. Bxc6 Qxc6 18. Rfe1 h5 19. h4 Nd7 20. Qf3 Qxf3 21. Nxf3 Nb6 22. Nd2 Rhg8 23. Ne4 Rg6 24. b3 Rdg8 25. c4 f5 26. Ng5 f4 27. Nxf7 fxg3 28. Ng5 gxf2+ 29. Kxf2 Nd7 30. Rxe6 Rxe6 31. Nxe6 Rg4 32. Rg1 Rxg1 33. Kxg1 Nf6 34. Nf4 Kd7 35. Kg2 Kd6 36. Nd3 b6 37. Kf3 b5 38. Kf4 bxc4 39. bxc4 Ng4 40. Kg5 Ne3 41. Nb2 Ke6 42. d5+ Ke5 43. Kxh5 Kf5 44. Kh6 Kf6 45. h5 a5 46. a4 Ng2 47. Nd1 Nf4 48. Nc3 Nd3 49. Ne4+ Ke5 50. Kg7 Kxe4 51. h6 Nb2 52. h7 Nxc4 53. h8=Q Kxd5 54. Qh5+ 1-0

[Event "Sparkassen-Open A"]
[Site "Heusenstamm, Martinsee"]
[Date "2025.11.23"]
[Round "6.46"]
[White "Tremöhlen, Thomas"]
[Black "Musiienko, Platon"]
[Result "1-0"]
[WhiteElo "1986"]
[BlackElo "2107"]
[PlyCount "61"]
[EventDate "2025.11.20"]
[WhiteTeam "SPORTGEM Kaarst 1912/35"]
[BlackTeam "Wiesbadener SV 1885"]

1. e4 e5 2. Nc3 Nc6 3. f4 exf4 4. Nf3 d6 5. d4 g5 6. h4 g4 7. Ng5 h6 8. Nxf7 Kxf7 9. Bc4+ Ke8 10. Bxf4 Bg7 11. Be3 Nf6 12. e5 dxe5 13. Qe2 e4 14. O-O-O Ne7 15. Bf4 Bf5 16. Rhf1 c6 17. Be5 b5 18. Bb3 Qd7 19. d5 a6 20. dxc6 Qxc6 21. Rd6 Qc5 22. Bxf6 Qxd6 23. Bxg7 Rh7 24. Nxe4 Bxe4 25. Qxe4 Rd8 26. Bf7+ Kd7 27. Qb7+ Qc7 28. Rd1+ Nd5 29. Rxd5+ Ke7 30. Qxc7+ Rd7 31. Qxd7# 1-0

[Event "Sparkassen-Open A"]
[Site "Heusenstamm, Martinsee"]
[Date "2025.11.23"]
[Round "6.47"]
[White "Stumpf, Daniel"]
[Black "Burkhardt, Holger"]
[Result "0-1"]
[WhiteElo "1960"]
[BlackElo "2102"]
[PlyCount "118"]
[EventDate "2025.11.20"]
[WhiteTeam "SC Schwarz-Weiß Lichtenrade e.V."]
[BlackTeam "SK Anderten"]

1. c4 f5 2. Nc3 Nf6 3. Nf3 d6 4. e3 e5 5. d4 e4 6. Ng5 h6 7. Nh3 g5 8. Be2 Bg7 9. Bh5+ Nxh5 10. Qxh5+ Kf8 11. Bd2 Nd7 12. Ng1 Nf6 13. Qd1 Kf7 14. h4 c6 15. d5 g4 16. h5 cxd5 17. cxd5 Nd7 18. Nge2 Ne5 19. Nf4 Qb6 20. Qb3 Bd7 21. O-O Rhc8 22. Rac1 Qa6 23. Rfd1 Bf6 24. Qa3 Qxa3 25. bxa3 Nc4 26. Nfe2 Rc7 27. Nd4 a6 28. Nce2 Rac8 29. Ne6 Bxe6 30. dxe6+ Kxe6 31. Nf4+ Kf7 32. Nd5 Rc6 33. Rb1 b5 34. Nb4 Nxd2 35. Rxd2 Rc1+ 36. Rxc1 Rxc1+ 37. Kh2 Be5+ 38. g3 a5 39. Nd5 Ke6 40. Kg2 Rc5 41. Nf4+ Bxf4 42. gxf4 d5 43. Rb2 a4 44. Kf1 Kd6 45. Ke2 Kc6 46. Kd2 Rc4 47. Rb1 Kc5 48. Rb2 d4 49. Rb1 d3 50. Rb2 b4 51. Kd1 bxa3 52. Rb8 Rb4 53. Rc8+ Kd6 54. Rh8 Rb1+ 55. Kd2 Rb2+ 56. Kd1 Rxa2 57. Rxh6+ Kc7 58. Ra6 Rxf2 59. Rxa4 g3 0-1

[Event "Sparkassen-Open A"]
[Site "Heusenstamm, Martinsee"]
[Date "2025.11.23"]
[Round "6.48"]
[White "Segna, Ulrich"]
[Black "Trumpp, Lothar"]
[Result "1/2-1/2"]
[WhiteElo "2090"]
[BlackElo "1938"]
[PlyCount "54"]
[EventDate "2025.11.20"]
[WhiteTeam "SV 1920 Hofheim"]
[BlackTeam "VSG 1880 Offenbach"]

1. d4 Nf6 2. Nf3 e6 3. e3 b6 4. Bd3 Bb7 5. O-O Be7 6. b3 O-O 7. Bb2 Ne4 8. c4 d6 9. Qc2 f5 10. Nbd2 Nxd2 11. Nxd2 g6 12. Rae1 Bf6 13. f4 Re8 14. e4 Nc6 15. e5 dxe5 16. fxe5 Nb4 17. Qb1 Bg5 18. Nf3 Nxd3 19. Qxd3 Be4 20. Rxe4 fxe4 21. Qxe4 Bh6 22. Rd1 Qd7 23. d5 Rad8 24. Qh4 Be3+ 25. Kh1 Qf7 26. Qe4 Bh6 27. Ba3 Rd7 1/2-1/2

[Event "Sparkassen-Open A"]
[Site "Heusenstamm, Martinsee"]
[Date "2025.11.23"]
[Round "6.49"]
[White "Shanawaz Thabrez, Shahzaib"]
[Black "Wachsmann, Elmar"]
[Result "0-1"]
[WhiteElo "1945"]
[BlackElo "2062"]
[PlyCount "124"]
[EventDate "2025.11.20"]
[WhiteTeam "SK Langen"]
[BlackTeam "SC Groß-Umstadt"]

1. e4 e5 2. Nf3 Nc6 3. Bc4 Nf6 4. d3 Bc5 5. c3 d6 6. b4 Bb6 7. Nbd2 O-O 8. O-O h6 9. Re1 Ne7 10. Nf1 Ng6 11. Ng3 Re8 12. d4 exd4 13. cxd4 d5 14. exd5 Rxe1+ 15. Qxe1 Nxd5 16. Qe4 Be6 17. Bd2 Nf6 18. Qd3 Qd7 19. Re1 Bxc4 20. Qxc4 Rd8 21. Bc3 Qd5 22. Qe2 Nf4 23. Qd2 Ne6 24. Rd1 a6 25. a3 Qb3 26. Qc1 Rd6 27. Nf5 Nf4 28. Qb1 Ne2+ 29. Kf1 Qxb1 30. Rxb1 Nxc3 31. Rc1 Nce4 32. Nxd6 Nxd6 33. Rd1 Nd5 34. Rd3 f6 35. g3 Kf7 36. Ke2 c6 37. Nd2 Ke7 38. f4 Nf5 39. Nb3 h5 40. Kf3 Nde3 41. Rxe3+ Nxe3 42. Kxe3 Ke6 43. Ke4 f5+ 44. Ke3 Kd5 45. Kd3 Ba7 46. Nd2 Bxd4 47. Nf3 Bf6 48. Nd2 Bd4 49. Nf3 Bf6 50. Nd2 c5 51. bxc5 Kxc5 52. Nc4 b5 53. Ne3 g6 54. Kc2 Kd4 55. Ng2 Be7 56. Kb3 Kd3 57. Ne1+ Ke2 58. Nc2 Kf2 59. Nd4 Kg2 60. Nc6 Bd6 61. Ne5 Kxh2 62. Nxg6 Kxg3 0-1

[Event "Sparkassen-Open A"]
[Site "Heusenstamm, Martinsee"]
[Date "2025.11.23"]
[Round "6.50"]
[White "Bernhart, Joseph"]
[Black "Steinle, Carsten"]
[Result "0-1"]
[WhiteElo "1932"]
[BlackElo "2080"]
[PlyCount "130"]
[EventDate "2025.11.20"]
[WhiteTeam "SK Kaiserslautern 1905"]
[BlackTeam "Schachverein Ahlen 1954 e. V."]

1. d4 e6 2. Bf4 c5 3. e3 Qb6 4. Nc3 Nf6 5. a3 cxd4 6. exd4 Bd6 7. Be3 a6 8. Nf3 Qc7 9. h3 b5 10. Be2 Bb7 11. O-O Nc6 12. Na2 Rc8 13. c4 bxc4 14. Rc1 Na5 15. b4 Bd5 16. bxa5 Bxa3 17. Qa4 Bxc1 18. Rxc1 O-O 19. Nd2 Qb7 20. Bf1 Qb5 21. Nc3 Qc6 22. Qxc6 Rxc6 23. Na4 Rfc8 24. Nb6 R8c7 25. Rc3 d6 26. f3 Nd7 27. Nxd7 Rxd7 28. Kf2 Rb7 29. Bf4 Rb2 30. Ke3 Ra2 31. Bxc4 Bxc4 32. Rxc4 Rxc4 33. Nxc4 d5 34. Nd2 Rxa5 35. Bd6 Ra2 36. g4 a5 37. Kd3 a4 38. Nb1 f6 39. Nc3 Ra1 40. h4 Kf7 41. Ke2 a3 42. f4 Rg1 43. Bxa3 Rxg4 44. Bd6 Rxh4 45. Kd2 Kg6 46. Nb5 Kf5 47. Nc7 Rh2+ 48. Ke3 Rh3+ 49. Ke2 h5 50. Ne8 Rg3 51. Kf2 h4 52. Bf8 g5 53. fxg5 fxg5 54. Ng7+ Ke4 55. Bc5 Rf3+ 56. Kg1 Rf6 57. Ne8 Rg6 58. Kg2 g4 59. Nd6+ Kd3 60. Nf7 Ke3 61. Ne5 Rg8 62. Nf7 g3 63. Bd6 Kxd4 64. Ne5 Ke4 65. Nf3 h3+ 0-1

[Event "Sparkassen-Open A"]
[Site "Heusenstamm, Martinsee"]
[Date "2025.11.23"]
[Round "6.51"]
[White "Kürschner, Liam"]
[Black "Finke, Kelsie Josefine"]
[Result "0-1"]
[WhiteElo "1921"]
[BlackElo "2070"]
[PlyCount "60"]
[EventDate "2025.11.20"]
[WhiteTeam "SK Langen"]
[BlackTeam "SC Garching 1980 e.V."]

1. c4 e5 2. g3 Nf6 3. Bg2 Nc6 4. Nc3 Bc5 5. e3 d5 6. cxd5 Nb4 7. d4 exd4 8. exd4 Be7 9. Nge2 Nbxd5 10. Nf4 Nxc3 11. bxc3 O-O 12. O-O c6 13. a4 Qa5 14. Qb3 Bd6 15. h3 Re8 16. Rd1 Bb8 17. Be3 Bf5 18. c4 Be4 19. Bf1 Qf5 20. Bd2 Bc2 21. Qb2 Bxd1 22. Rxd1 Ne4 23. Bd3 g5 24. Bxe4 Rxe4 25. g4 Qf6 26. Nh5 Qf5 27. Qa1 Bh2+ 28. Kxh2 Qxf2+ 29. Kh1 Re2 30. Nf6+ Kh8 0-1

[Event "Sparkassen-Open A"]
[Site "Heusenstamm, Martinsee"]
[Date "2025.11.23"]
[Round "6.53"]
[White "Reinhard, Ralf-Peter"]
[Black "Paeslack, Luis"]
[Result "1/2-1/2"]
[WhiteElo "1830"]
[BlackElo "2054"]
[PlyCount "52"]
[EventDate "2025.11.20"]
[WhiteTeam "SC Chessence 64 e. V."]
[BlackTeam "SC Aschaffenburg e.V."]

1. d4 Nf6 2. Nf3 c5 3. e3 d5 4. Bd3 Nc6 5. c3 Bg4 6. Nbd2 e6 7. O-O Bd6 8. dxc5 Bxc5 9. h3 Bh5 10. b4 Bd6 11. b5 Na5 12. c4 dxc4 13. Nxc4 Nxc4 14. Bxc4 O-O 15. Bb2 Qe7 16. Re1 Rfd8 17. Qb3 Ne4 18. Be2 Bb4 19. Red1 Nd2 20. Qa4 Bxf3 21. Bxf3 Nxf3+ 22. gxf3 Qg5+ 23. Kh1 Rxd1+ 24. Rxd1 Bf8 25. Qc4 Qf5 26. Kg2 h5 1/2-1/2

[Event "Sparkassen-Open A"]
[Site "Heusenstamm, Martinsee"]
[Date "2025.11.23"]
[Round "6.54"]
[White "Stein, Marco"]
[Black "Fock, Sana"]
[Result "1/2-1/2"]
[WhiteElo "2059"]
[BlackElo "1887"]
[PlyCount "100"]
[EventDate "2025.11.20"]
[WhiteTeam "SV Alsfeld"]
[BlackTeam "FC ST.Pauli 1910 eV SAbt"]

1. Nf3 d5 2. e3 Nf6 3. c4 e6 4. b3 Be7 5. Bb2 O-O 6. Qc2 b6 7. h4 Nbd7 8. Nc3 Bb7 9. Ng5 Ne4 10. Ncxe4 dxe4 11. Nxe4 Bxe4 12. Qxe4 Nc5 13. Qc2 f5 14. g3 Qd7 15. d4 Ne4 16. O-O-O a5 17. a3 c6 18. Bg2 b5 19. Bxe4 fxe4 20. Rhf1 a4 21. b4 bxc4 22. Qxc4 Qd5 23. Qxd5 exd5 24. Kd2 Bd6 25. Ke2 Ra7 26. f4 exf3+ 27. Rxf3 Raf7 28. Rxf7 Rxf7 29. Rg1 Kf8 30. g4 Ke8 31. Rf1 Rxf1 32. Kxf1 Bg3 33. h5 g6 34. hxg6 hxg6 35. Kg2 Bc7 36. Kf3 Ke7 37. e4 dxe4+ 38. Kxe4 Ke6 39. Bc1 Bd8 40. Bf4 Bb6 41. Be5 Bd8 42. Bf4 Bb6 43. Bb8 Bd8 44. Ba7 Bc7 45. Bc5 Bb8 46. b5 cxb5 47. d5+ Kd7 48. Kd4 Bg3 49. Bb4 Bf2+ 50. Ke5 Bg3+ 1/2-1/2

[Event "Sparkassen-Open A"]
[Site "Heusenstamm, Martinsee"]
[Date "2025.11.23"]
[Round "6.55"]
[White "Schlößner, Henrik"]
[Black "Hoffmann, Christian"]
[Result "0-1"]
[WhiteElo "2040"]
[BlackElo "1891"]
[PlyCount "30"]
[EventDate "2025.11.20"]
[WhiteTeam "SK Gründau"]
[BlackTeam "SAbt BKA Wiesbaden"]

1. e4 c5 2. Nf3 d6 3. d4 cxd4 4. Nxd4 Nf6 5. Nc3 g6 6. f4 Bg7 7. e5 dxe5 8. fxe5 Ng4 9. Bb5+ Nc6 10. Nxc6 Qb6 11. Rf1 bxc6 12. Nd5 Qb7 13. Bf4 cxb5 14. e6 O-O 15. Qxg4 Qxd5 0-1

[Event "Sparkassen-Open A"]
[Site "Heusenstamm, Martinsee"]
[Date "2025.11.23"]
[Round "6.56"]
[White "Artola Pola, Gerardo"]
[Black "Faßler, Felix"]
[Result "1/2-1/2"]
[WhiteElo "1944"]
[BlackElo "1859"]
[PlyCount "70"]
[EventDate "2025.11.20"]
[WhiteTeam "Sabt Frankfurter TV 1860"]
[BlackTeam "SC Fulda"]

1. e4 c6 2. d4 d5 3. e5 c5 4. c4 cxd4 5. Nf3 Nc6 6. Nxd4 e6 7. Nc3 Bb4 8. Nxc6 bxc6 9. Qa4 a5 10. a3 Bxc3+ 11. bxc3 Ne7 12. Be2 Ba6 13. O-O Bxc4 14. Bxc4 dxc4 15. Bg5 O-O 16. Rfd1 Qc7 17. Bxe7 Qxe7 18. Rd6 Qg5 19. Re1 Rab8 20. g3 Rb5 21. Qxc4 Rxe5 22. Rxe5 Qxe5 23. Rxc6 Qe1+ 24. Kg2 h6 25. Rc5 Rd8 26. Rc8 Rxc8 27. Qxc8+ Kh7 28. Qc5 Qe4+ 29. Kf1 Qd3+ 30. Ke1 Qb1+ 31. Kd2 Qb2+ 32. Kd3 Qb1+ 33. Kc4 Qf1+ 34. Kb3 Qd1+ 35. Kc4 Qf1+ 1/2-1/2